000 00635nam a2200253Ia 4500
008 190123s9999 xx 000 0 und d
020 _a9780545496728
050 _bF628 2009
100 _aFloca, Brian
245 0 _aMoonshot :
245 4 _bthe flight of apollo 11 /
245 0 _cby Brian Floca.
260 _aNew York, New York :
260 _bScholastic,
260 _c2009
300 _aunpaged :
300 _bcolored illustrations ;
300 _c25cm.
500 _a990L
650 _aApollo 11 (Spacecraft).
650 _aProject Apollo (U.S.).
650 _aSpace flight to the moon.
700 _aTitle.
999 _c361119
_d361119